000 01357nam0a22003371 4500
001 rc\2169906
005 20250623024839.0
035 _a(NLR Aleph) 006535154
090 _a6576320
_c6576320
100 _a20110826d1978 |||y0rusy50 ca
101 0 _arus
102 _aRU
105 _aa z |||||
200 1 _aТехническая эксплуатация судовых палубных механизмов и закрытий
_fБ.А. Ватипко, В.Г. Бригада, В.И. Ролинский
210 _aМосква
_cТранспорт
_d1978
215 _a199 с.
_cил.
_d22
225 1 _aБиблиотечка судомеханика
320 _aСписок лит.: с. 197 (13 назв.)
606 _aПалубные механизмы
_xЭксплуатация
_2psbo
606 _aЛюки судовые, механизированные
_xЭксплуатация
_2psbo
686 _aО42-082.7,07
_2rubbk
700 1 _aВатипко
_bБ.А.
_gБорис Антонович
701 1 _aБригида
_bВ.Г.
_gВалентин Георгиевич
701 1 _aРолинский
_bВ.И.
_gВладимир Ильич
801 0 _aRU
_bNLR
_gpsbo
801 1 _aRU
_bELAR
_2rusmarc
852 _aNLR
_j78-5/2612
899 _aRuMoRGB
_jБ 78-26/640
899 _aRuMoRGB
_jБ 78-26/641
942 _cBOOK
980 _aNB